000 00570nam a2200217Ia 4500
003 OSt
005 20230529105041.0
008 210423s2013 xx 000 0 und d
020 _a978-93-83096-13-8
040 _cAL
041 _aeng
082 _a658.403 SHAA
100 _aSHAH (Rupali)
_9115689
245 _aApplications of knowledge management
260 _aJaipur
_bHorizon Press
_c2013
300 _aviii,304
_bHB
365 _b1695
_cINR
650 _aExecutive Management
_9115690
906 _aApplications ; knowledge ; management
942 _2ddc
_cBK
999 _c168289
_d168289